Guía homeopático doméstico para uso exclusivo de las familias con los síntomas característicos de los medicamentos homeopáticos mas empleados y con la indicación exacta de las dosis en cada uso / (Record no. 18277)

MARC details
000 -LEADER
campo de control de longitud fija 00641nam a2200181 i 4500
001 - NÚMERO DE CONTROL
campo de control 18277
003 - IDENTIFICADOR DE NÚMERO DE CONTROL
campo de control ES-MaACL
005 - FECHA Y HORA DE LA ÚLTIMA TRANSACCIÓN
campo de control 20230906151811.0
007 - CAMPO FIJO DE DESCRIPCIÓN FÍSICA--INFORMACIÓN GENERAL
campo de control de longitud fija t|
008 - DATOS DE LONGITUD FIJA--INFORMACIÓN GENERAL
campo de control de longitud fija 011022s1898 sp ||||1| spa d
080 ## - NÚMERO DE LA CLASIFICACIÓN DECIMAL UNIVERSAL
Número de la Clasificación Decimal Universal 615.015.32
245 00 - MENCIÓN DEL TÍTULO
Título Guía homeopático doméstico para uso exclusivo de las familias con los síntomas característicos de los medicamentos homeopáticos mas empleados y con la indicación exacta de las dosis en cada uso /
Mención de responsabilidad, etc. por S. P. y D.
250 ## - MENCION DE EDICION
Mención de edición 4ª ed.
260 ## - PUBLICACIÓN, DISTRIBUCIÓN, ETC.
Lugar de publicación, distribución, etc. Barcelona :
Nombre del editor, distribuidor, etc. Farmacia Homeopática,
Fecha de publicación, distribución, etc. 1898.
300 ## - DESCRIPCIÓN FÍSICA
Extensión 152 p. ;
Dimensiones 18 cm.
650 14 - PUNTO DE ACCESO ADICIONAL DE MATERIA--TÉRMINO DE MATERIA
Término de materia o nombre geográfico como elemento de entrada Homeopatía.
9 (RLIN) 13463
852 ## - LOCALIZACIÓN
Ubicación ES-MaACL
Número de control de estantería A-282
Holdings
Estatus retirado Estado de pérdida Estado de daño No para préstamo Colección Biblioteca de origen Biblioteca actual Ubicación en estantería Fecha de adquisición Fuente de adquisición Total de préstamos Signatura topográfica completa Código de barras Visto por última vez Precio de reemplazo Tipo de ítem Koha
        Libros del s. XIX Biblioteca del Ateneo de Madrid Biblioteca del Ateneo de Madrid Sala Pecera Planta 1 17/01/2008     A-282 1018687 23/02/2023 23/02/2023 Libro impreso antiguo